|
|
|
|
| LEADER |
00674nam a22002052a 4500 |
| 001 |
000413249 |
| 003 |
CZ BrMZK |
| 005 |
19990307143423.0 |
| 008 |
990307s1982 xr f cze d |
| 040 |
|
|
|a BOA001
|b cze
|
| 100 |
1 |
|
|a Micka, Josef Ladislav,
|d 1903-1993
|7 jk01081390
|
| 245 |
1 |
0 |
|a Škola hry na housle.
|n Díl 2 /
|c Josef Micka, Magdaléna Micková
|
| 250 |
|
|
|a 1.vyd.
|
| 260 |
|
|
|a Praha :
|b Supraphon,
|c 1982
|
| 300 |
|
|
|a 61 s.
|
| 700 |
1 |
|
|a Micková, Magdaléna,
|d 1943-
|7 ola2007364861
|
| 910 |
|
|
|a BOA001
|b PK-N-0022.922,2
|
| 964 |
|
|
|a Housle - školy
|
| 990 |
|
|
|a BK
|
| 996 |
7 |
|
|b 3119823194
|c PK-N-0022.922/2
|l MZK
|r Sklad / do 1 hodiny
|n 9
|w 000413249
|u 000010
|a 1
|e BOA001
|j MZK50
|s A
|